Vzhľad učiteľa a štýl odievania ako determinant efektívnej edukácie

Vzhľad učiteľa a štýl jeho odievania môžu byť jedným z determinantov efektívnej edukácie. V príspevku načrtneme odpoveď na otázku: Čo je vyučovanie so štýlom? Zamyslíme sa nad štýlovým vyučovaním, módou a módnymi trendami a ich vplyvom na školské prostredie. V texte sa budeme primárne venovať oblast...

Description complète

Enregistré dans:
Détails bibliographiques
Auteur principal: Šeben Zaťková, Tímea
Format: Chapitre de livre
Langue:slovaque
Sujets:
Tags: Ajouter un tag
Pas de tags, Soyez le premier à ajouter un tag!

MARC

LEADER 00000naa a2200000 4500
001 0292091
005 20240417075233.5
041 0 |a slo 
044 |a SK 
245 1 0 |a Vzhľad učiteľa a štýl odievania ako determinant efektívnej edukácie  |c Timea Šeben Zaťková 
520 |a Vzhľad učiteľa a štýl jeho odievania môžu byť jedným z determinantov efektívnej edukácie. V príspevku načrtneme odpoveď na otázku: Čo je vyučovanie so štýlom? Zamyslíme sa nad štýlovým vyučovaním, módou a módnymi trendami a ich vplyvom na školské prostredie. V texte sa budeme primárne venovať oblasti, ktorá sa dotýka úpravy zovňajšku učiteľa, keďže nielen to čo učiteľ na vyučovacích hodinách realizuje a hovorí, je dôležité, ale aj ako komunikuje neverbálne a aké informácie vysiela svojmu okoliu cez svoj vzhľad, cez svoj štýl odievania. 
610 2 0 |a etiketa 
610 2 0 |a odevy 
610 2 0 |a učitelia 
610 2 0 |a vzdelávanie 
610 2 0 |a komunikácia neverbálna 
100 1 |a Šeben Zaťková, Tímea